[Event "BAN-chT 1st League"]
[Site "Dhaka"]
[Date "2022.03.20"]
[Round "11.2"]
[White "Muthaiah, Al"]
[Black "Hossain, Alamgir"]
[Result "1-0"]
[WhiteElo "2403"]
[BlackElo "1982"]
[PlyCount "67"]
[EventDate "2022.03.10"]
[EventType "team-tourn"]
[EventRounds "11"]
[EventCountry "BAN"]
[SourceTitle "EXT 2023"]
[Source "ChessBase"]
[SourceDate "2022.10.05"]
[SourceVersion "1"]
[SourceVersionDate "2022.10.05"]
[SourceQuality "1"]
[WhiteTeam "Sultana Kamal Smirity Pathagar"]
[BlackTeam "Khelaghor Daba Sangah"]
[WhiteTeamCountry "BAN"]
[BlackTeamCountry "BAN"]

1. d4 Nf6 2. Bg5 e6 3. e4 Be7 4. e5 Nd5 5. Bd2 c5 6. c4 Nb6 7. dxc5 Bxc5 8. Qg4 g6 9. Nc3 Nc6 10. Nf3 h5 11. Qf4 d6 12. Ne4 dxe5 13. Nxe5 Nxe5 14. Nxc5 Qc7 15. b4 Rf8 16. Be2 a5 17. 0-0 f6 18. Ne4 g5 19. Nxf6+ Ke7 20. Qxg5 Rxf6 21. Bc3 Nbd7 22. Rad1 b5 23. Rxd7+ Nxd7 24. Bxf6+ Nxf6 25. Qg7+ Kd6 26. Qxf6 Ra7 27. Rd1+ Kc6 28. Bf3+ Kb6 29. c5+ Ka6 30. Rd6+ Qxd6 31. cxd6 axb4 32. Qd8 Bd7 33. h4 e5 34. Qb8 1-0

[Event "BAN-chT 1st League"]
[Site "Dhaka"]
[Date "2022.03.17"]
[Round "8.3"]
[White "Anish, Rooj"]
[Black "Hossain, Alamgir"]
[Result "1/2-1/2"]
[WhiteElo "1616"]
[BlackElo "1982"]
[PlyCount "50"]
[EventDate "2022.03.10"]
[EventType "team-tourn"]
[EventRounds "11"]
[EventCountry "BAN"]
[SourceTitle "EXT 2023"]
[Source "ChessBase"]
[SourceDate "2022.10.05"]
[SourceVersion "1"]
[SourceVersionDate "2022.10.05"]
[SourceQuality "1"]
[WhiteTeam "Basir Memorial"]
[BlackTeam "Khelaghor Daba Sangah"]
[WhiteTeamCountry "BAN"]
[BlackTeamCountry "BAN"]

1. d4 Nf6 2. Bf4 e6 3. e3 c5 4. c3 Qb6 5. Qc1 d5 6. Nd2 Nc6 7. Bd3 Bd7 8. Ngf3 Rc8 9. a3 Be7 10. Rb1 a5 11. Qd1 h6 12. h3 g5 13. Bh2 Rg8 14. Ne5 Rg7 15. Qf3 Qd8 16. Ng4 Ng8 17. Nf1 f5 18. Ne5 Nf6 19. Nxc6 Bxc6 20. Be5 Rf7 21. Bxf6 Rxf6 22. Qh5+ Kd7 23. Nd2 Qc7 24. Qe2 c4 25. Bc2 a4 1/2-1/2

[Event "BAN-chT 1st League"]
[Site "Dhaka"]
[Date "2022.03.16"]
[Round "7.2"]
[White "Uten"]
[Black "Hossain, Alamgir"]
[Result "1/2-1/2"]
[WhiteElo "1986"]
[BlackElo "1982"]
[PlyCount "55"]
[EventDate "2022.03.10"]
[EventType "team-tourn"]
[EventRounds "11"]
[EventCountry "BAN"]
[SourceTitle "EXT 2023"]
[Source "ChessBase"]
[SourceDate "2022.10.05"]
[SourceVersion "1"]
[SourceVersionDate "2022.10.05"]
[SourceQuality "1"]
[WhiteTeam "Esoft Arena"]
[BlackTeam "Khelaghor Daba Sangah"]
[WhiteTeamCountry "BAN"]
[BlackTeamCountry "BAN"]

1. e4 d5 2. exd5 Qxd5 3. d4 Nf6 4. Nf3 Bg4 5. Be2 e6 6. 0-0 c6 7. c4 Qd8 8. Nc3 Bd6 9. Bg5 Nbd7 10. Qd2 0-0 11. Rad1 a6 12. Qe3 Re8 13. Ne4 Be7 14. Nxf6+ Bxf6 15. Bxf6 Nxf6 16. Ne5 Bxe2 17. Qxe2 Qc7 18. Rd3 Rad8 19. Rfd1 Rd6 20. g3 Red8 21. b4 h6 22. Ng4 Nxg4 23. Qxg4 R6d7 24. c5 Rd5 25. h4 Rf5 26. a4 Rfd5 27. a5 R8d7 28. Kg2 1/2-1/2

[Event "BAN-chT 1st League"]
[Site "Dhaka"]
[Date "2022.03.11"]
[Round "2.2"]
[White "Alekhya, Mukhopadhyay"]
[Black "Hossain, Alamgir"]
[Result "1-0"]
[WhiteElo "2010"]
[BlackElo "1982"]
[PlyCount "83"]
[EventDate "2022.03.10"]
[EventType "team-tourn"]
[EventRounds "11"]
[EventCountry "BAN"]
[SourceTitle "EXT 2023"]
[Source "ChessBase"]
[SourceDate "2022.10.05"]
[SourceVersion "1"]
[SourceVersionDate "2022.10.05"]
[SourceQuality "1"]
[WhiteTeam "Dhaka CC"]
[BlackTeam "Khelaghor Daba Sangah"]
[WhiteTeamCountry "BAN"]
[BlackTeamCountry "BAN"]

1. e4 e5 2. Nf3 Nf6 3. Nxe5 Nc6 4. Nxc6 dxc6 5. d3 Bc5 6. Be2 h5 7. h3 Qd6 8. c3 Bb6 9. Nd2 Be6 10. d4 Qe7 11. e5 Nd7 12. Nf3 0-0-0 13. b4 Bd5 14. Qc2 f6 15. exf6 Nxf6 16. Be3 Be4 17. Bd3 Bxf3 18. gxf3 Nd5 19. Be4 Kb8 20. 0-0-0 Rde8 21. Rdg1 a5 22. a3 Rhf8 23. Rg6 Ka7 24. Rhg1 Qd7 25. Rxg7 Qxh3 26. bxa5 Bxa5 27. Qa4 Kb6 28. Kc2 Rxe4 29. fxe4 Nxe3+ 30. fxe3 Qxe3 31. Rb1+ Ka6 32. Qc4+ Ka7 33. Qc5+ Ka6 34. Kb3 Qxe4 35. Rb2 Rf5 36. Qc4+ b5 37. Qg8 Kb7 38. Rd7 Qd3 39. Rd8 Qxc3+ 40. Ka2 Bb6 41. Rb8+ Ka6 42. Qc8+ 1-0

[Event "BAN-chT 1st League"]
[Site "Dhaka"]
[Date "2021.03.05"]
[Round "9.2"]
[White "Hossain, Monir Khan"]
[Black "Hossain, Alamgir"]
[Result "1/2-1/2"]
[WhiteElo "1948"]
[BlackElo "2012"]
[PlyCount "56"]
[EventDate "2021.02.25"]
[EventType "team-tourn"]
[EventRounds "11"]
[EventCountry "BAN"]
[SourceTitle "EXT 2022"]
[Source "ChessBase"]
[SourceDate "2021.10.06"]
[SourceVersion "1"]
[SourceVersionDate "2021.10.06"]
[SourceQuality "1"]
[WhiteTeam "Agrani Bank Daba Dal"]
[BlackTeam "Khelaghor Daba Sangah"]
[WhiteTeamCountry "BAN"]
[BlackTeamCountry "BAN"]

1. d4 Nf6 2. c4 e6 3. Nf3 d5 4. Nc3 c6 5. e3 Bd6 6. Qc2 0-0 7. Bd2 Re8 8. Ne5 Nbd7 9. f4 Nf8 10. Bd3 dxc4 11. Nxc4 c5 12. Nxd6 Qxd6 13. Nb5 Qc6 14. 0-0 a6 15. Na3 cxd4 16. Qxc6 bxc6 17. exd4 Nd5 18. Rac1 Bd7 19. Nc4 Reb8 20. b3 Ng6 21. Bxg6 hxg6 22. Ne5 Rd8 23. Rc4 Be8 24. Rfc1 Nb6 25. Rb4 Nd5 26. Rbc4 Nb6 27. Rb4 Nd5 28. Rbc4 Nb6 1/2-1/2

[Event "BAN-chT 1st League"]
[Site "Dhaka"]
[Date "2021.03.03"]
[Round "7.2"]
[White "Mazharul, Anwar"]
[Black "Hossain, Alamgir"]
[Result "0-1"]
[WhiteElo "1821"]
[BlackElo "2012"]
[PlyCount "74"]
[EventDate "2021.02.25"]
[EventType "team-tourn"]
[EventRounds "11"]
[EventCountry "BAN"]
[SourceTitle "EXT 2022"]
[Source "ChessBase"]
[SourceDate "2021.10.06"]
[SourceVersion "1"]
[SourceVersionDate "2021.10.06"]
[SourceQuality "1"]
[WhiteTeam "Kasparov CC"]
[BlackTeam "Khelaghor Daba Sangah"]
[WhiteTeamCountry "BAN"]
[BlackTeamCountry "BAN"]

1. e4 Nc6 2. Nc3 Nf6 3. g3 d5 4. Bg2 Bg4 5. f3 Bc8 6. d3 e5 7. a3 h6 8. Nge2 Bc5 9. b4 Bb6 10. Na4 dxe4 11. fxe4 Bg4 12. Nxb6 axb6 13. Bb2 Nd4 14. Bxd4 Bxe2 15. Kxe2 Qxd4 16. Bf3 Qc3 17. Qd2 Qxd2+ 18. Kxd2 Ke7 19. c3 b5 20. Be2 Ra6 21. Rhb1 Rd8 22. Ke3 c6 23. d4 Nd7 24. Bg4 Nb6 25. Be2 Raa8 26. Ra2 Na4 27. Rc2 Nxc3 28. Rb3 exd4+ 29. Kd3 g6 30. Bf3 Ke6 31. Rf2 Ke5 32. h4 b6 33. h5 c5 34. bxc5 bxc5 35. Rxc3 dxc3+ 36. Kxc3 Rxa3+ 37. Kb2 Rda8 0-1

[Event "BAN-chT 1st League"]
[Site "Dhaka"]
[Date "2021.02.25"]
[Round "1.2"]
[White "Hossain, Alamgir"]
[Black "S, M Sharon"]
[Result "0-1"]
[WhiteElo "2012"]
[BlackElo "2095"]
[PlyCount "55"]
[EventDate "2021.02.25"]
[EventType "team-tourn"]
[EventRounds "11"]
[EventCountry "BAN"]
[SourceTitle "EXT 2022"]
[Source "ChessBase"]
[SourceDate "2021.10.06"]
[SourceVersion "1"]
[SourceVersionDate "2021.10.06"]
[SourceQuality "1"]
[WhiteTeam "Khelaghor Daba Sangah"]
[BlackTeam "Manha's Castle"]
[WhiteTeamCountry "BAN"]
[BlackTeamCountry "BAN"]

1. e4 d6 2. d4 Nf6 3. Bd3 e5 4. c3 Nc6 5. Be3 Ng4 6. Nf3 Nxe3 7. fxe3 g6 8. Bb5 Bd7 9. 0-0 Bg7 10. Nbd2 0-0 11. Qe2 Qe8 12. Bc4 Na5 13. Bd3 b5 14. Rf2 a6 15. Raf1 Qe7 16. Ne1 c5 17. Ndf3 Rae8 18. Qd1 f5 19. dxe5 dxe5 20. Bc2 Rd8 21. Nd2 Bh6 22. Qe2 Qg5 23. Rf3 f4 24. exf4 exf4 25. Rd3 Be6 26. Nef3 Qe7 27. b3 Bg7 28. Bb1 0-1

[Event "BAN-chT"]
[Site "Dhaka"]
[Date "2018.12.14"]
[Round "9.4"]
[White "Chowdhury, Sohel"]
[Black "Hossain, Alamgir"]
[Result "1/2-1/2"]
[WhiteElo "2012"]
[BlackElo "2052"]
[PlyCount "100"]
[EventDate "2018.12.06"]
[EventType "team-tourn"]
[EventRounds "11"]
[EventCountry "BAN"]
[SourceTitle "CBM 187 Extra"]
[Source "ChessBase"]
[SourceDate "2018.11.04"]
[SourceVersion "1"]
[SourceVersionDate "2018.11.04"]
[SourceQuality "1"]
[WhiteTeam "Titas CC"]
[BlackTeam "Sultana Kamal Smirity Pathagar"]
[WhiteTeamCountry "BAN"]
[BlackTeamCountry "BAN"]

1. e4 e5 2. Nf3 Nc6 3. Bb5 Nf6 4. d3 d6 5. 0-0 Be7 6. c3 0-0 7. h3 h6 8. Re1 Bd7 9. Ba4 Re8 10. d4 Bf8 11. d5 Ne7 12. Bb3 Ng6 13. c4 Nh5 14. Nc3 Nhf4 15. Ne2 Nxe2+ 16. Qxe2 f5 17. exf5 Bxf5 18. g4 Bd7 19. Bc2 Nh8 20. Qe4 g6 21. Kg2 Bg7 22. a4 Rf8 23. Ra3 a5 24. Rh1 b6 25. Kg3 Rb8 26. Re1 Ra8 27. Nh4 Be8 28. Ng2 Bd7 29. Nh4 Be8 30. Re2 Rf4 31. Bxf4 exf4+ 32. Qxf4 Qxh4+ 33. Kxh4 g5+ 34. Qxg5 hxg5+ 35. Kxg5 Bxb2 36. Bh7+ Kxh7 37. Rxb2 Kg7 38. f4 Bd7 39. Re2 Rg8 40. Kh4 Kf6 41. Kg3 Ng6 42. Re1 Ne7 43. Kf3 Rh8 44. Rh1 Ng6 45. Rh2 Re8 46. h4 Re1 47. h5 Nh8 48. g5+ Kf5 49. g6 Kf6 50. Rg2 Re7 1/2-1/2

[Event "BAN-chT"]
[Site "Dhaka"]
[Date "2018.12.08"]
[Round "3.4"]
[White "Subhayan, Kundu"]
[Black "Hossain, Alamgir"]
[Result "1-0"]
[WhiteElo "2185"]
[BlackElo "2052"]
[PlyCount "89"]
[EventDate "2018.12.06"]
[EventType "team-tourn"]
[EventRounds "11"]
[EventCountry "BAN"]
[SourceTitle "CBM 187 Extra"]
[Source "ChessBase"]
[SourceDate "2018.11.04"]
[SourceVersion "1"]
[SourceVersionDate "2018.11.04"]
[SourceQuality "1"]
[WhiteTeam "Sheikh Russel"]
[BlackTeam "Sultana Kamal Smirity Pathagar"]
[WhiteTeamCountry "BAN"]
[BlackTeamCountry "BAN"]

1. Nf3 Nf6 2. b3 b6 3. g3 Bb7 4. Bb2 g6 5. Bg2 Bg7 6. c4 c5 7. 0-0 0-0 8. Nc3 d6 9. d4 cxd4 10. Nxd4 Bxg2 11. Kxg2 Qc7 12. e4 Qb7 13. Qf3 Nbd7 14. Rfe1 Rfe8 15. Rad1 Rac8 16. h3 h5 17. Kh2 a6 18. Qe2 Qb8 19. Nf3 Rc5 20. Nd4 Rcc8 21. Kg1 Qa7 22. Qe3 Kh7 23. f4 Bh6 24. Nf3 Qc7 25. Qd4 e5 26. Qxd6 exf4 27. e5 Qxd6 28. Rxd6 Bf8 29. Rdd1 Bc5+ 30. Kg2 fxg3 31. exf6 Nxf6 32. Na4 Ne4 33. Rxe4 Rxe4 34. Ng5+ Kg8 35. Nxe4 f5 36. Nexc5 bxc5 37. Nc3 h4 38. Ne2 Re8 39. Kf3 Kf7 40. Rd5 Rc8 41. Nf4 Rc6 42. Nd3 Re6 43. Ne5+ Kg8 44. Rd8+ Kh7 45. Nf7 1-0

[Event "BAN-chT"]
[Site "Dhaka"]
[Date "2016.11.28"]
[Round "6.3"]
[White "Hossain, Alamgir"]
[Black "Aayush, Bhattacherjee"]
[Result "1/2-1/2"]
[WhiteElo "2072"]
[BlackElo "1301"]
[PlyCount "86"]
[EventDate "2016.11.23"]
[EventType "team-tourn"]
[EventRounds "9"]
[EventCountry "BAN"]
[SourceTitle "EXT 2018"]
[Source "ChessBase"]
[SourceDate "2017.10.13"]
[SourceVersion "1"]
[SourceVersionDate "2017.10.13"]
[SourceQuality "1"]
[WhiteTeam "Agrani Bank Daba Dal"]
[BlackTeam "Kasparov CC"]
[WhiteTeamCountry "BAN"]
[BlackTeamCountry "BAN"]

1. e4 c5 2. Nc3 e6 3. Nf3 Nc6 4. Be2 Qc7 5. d3 a6 6. a4 Nf6 7. Bg5 Be7 8. Qd2 d6 9. 0-0 0-0 10. Rfd1 Rd8 11. h3 d5 12. exd5 exd5 13. Bf4 Bd6 14. Bg5 Be7 15. d4 c4 16. Ne5 Be6 17. Ng4 Nxg4 18. hxg4 Nxd4 19. Bxe7 Nxe2+ 20. Qxe2 Qxe7 21. Nxd5 Qc5 22. Nf4 Re8 23. Qf3 Qb6 24. a5 Qxb2 25. Rab1 Qxc2 26. Rxb7 Rad8 27. Re1 Bc8 28. Rxe8+ Rxe8 29. Rc7 Qb3 30. Qc6 Qd1+ 31. Kh2 Qd8 32. Kg3 h6 33. Qxc4 Bd7 34. f3 Qe7 35. Kh3 Qd6 36. Nh5 Qd1 37. Qc3 f6 38. Qc4+ Kh8 39. Qf7 Qh1+ 40. Kg3 Qe1+ 41. Kh3 Qh1+ 42. Kg3 Qe1+ 43. Kh3 Qh1+ 1/2-1/2

[Event "BAN-chT"]
[Site "Dhaka"]
[Date "2016.11.26"]
[Round "4.3"]
[White "Hossain, Alamgir"]
[Black "Saiful Islam, Chowdhury"]
[Result "0-1"]
[WhiteElo "2072"]
[BlackElo "2165"]
[PlyCount "94"]
[EventDate "2016.11.23"]
[EventType "team-tourn"]
[EventRounds "9"]
[EventCountry "BAN"]
[SourceTitle "EXT 2018"]
[Source "ChessBase"]
[SourceDate "2017.10.13"]
[SourceVersion "1"]
[SourceVersionDate "2017.10.13"]
[SourceQuality "1"]
[WhiteTeam "Agrani Bank Daba Dal"]
[BlackTeam "Access"]
[WhiteTeamCountry "BAN"]
[BlackTeamCountry "BAN"]

1. e4 e5 2. Nf3 Nc6 3. Bc4 Bc5 4. 0-0 Nf6 5. Nc3 d6 6. h3 h6 7. d3 Rg8 8. Be3 g5 9. Nh2 g4 10. hxg4 Nd4 11. b4 Nxg4 12. bxc5 Qh4 13. Nxg4 Bxg4 14. f3 Bh3 15. Rf2 0-0-0 16. Bxd4 Bxg2 17. Rxg2 Rxg2+ 18. Kxg2 Rg8+ 19. Kf1 exd4 20. Qe1 Qh1+ 21. Ke2 Rg2+ 22. Kd1 Rg1 23. Ke2 Rxe1+ 24. Rxe1 Qg2+ 25. Kd1 dxc3 26. Re2 Qxf3 27. cxd6 cxd6 28. Ke1 Qh1+ 29. Kf2 f6 30. Ke3 Qc1+ 31. Kd4 Qf1 32. Ke3 Kd7 33. Rf2 Qe1+ 34. Re2 Qg1+ 35. Rf2 Ke7 36. d4 h5 37. Bf1 h4 38. Ke2 b5 39. d5 a5 40. Rg2 Qd4 41. Kf3 b4 42. Bd3 a4 43. Rg7+ Kd8 44. Rh7 b3 45. axb3 axb3 46. Rxh4 b2 47. Rh1 Qxd3+ 0-1

[Event "BAN-chT"]
[Site "Dhaka"]
[Date "2014.11.19"]
[Round "8"]
[White "Hossain, Alamgir"]
[Black "Chatterjee, Debaraj"]
[Result "0-1"]
[WhiteElo "2101"]
[BlackElo "2256"]
[PlyCount "94"]
[EventDate "2014.11.12"]
[EventType "team-tourn"]
[EventRounds "9"]
[EventCountry "BAN"]
[SourceTitle "CBM 163 Extra"]
[Source "ChessBase"]
[SourceDate "2014.12.23"]
[SourceVersion "1"]
[SourceVersionDate "2014.12.23"]
[SourceQuality "1"]
[WhiteTeam "Sreejon CC"]
[BlackTeam "Titas CC"]
[WhiteTeamCountry "BAN"]
[BlackTeamCountry "BAN"]

1. Nf3 Nf6 2. d3 g6 3. g3 Bg7 4. Bg2 0-0 5. 0-0 d6 6. Nc3 c5 7. Bd2 Nc6 8. Qc1 Re8 9. e4 Rb8 10. a4 a6 11. Re1 e5 12. Bg5 Ne7 13. Nh4 Be6 14. Bh6 Bh8 15. f4 exf4 16. gxf4 Ng4 17. f5 Bd4+ 18. Kf1 Nxh2+ 19. Ke2 Nxf5 20. Nxf5 Bxf5 21. Kd1 Bg4+ 22. Ne2 Qh4 23. Qf4 Be5 24. Qe3 Bxe2+ 25. Rxe2 Ng4 26. Qg5 Qxh6 27. Qxg4 Bxb2 28. Rb1 Bc3 29. Qd7 Qh2 30. Bf1 Qg1 31. Qh3 b5 32. axb5 axb5 33. Rh2 h5 34. Ke2 Qg4+ 35. Qxg4 hxg4 36. Rh4 f5 37. Bg2 Kg7 38. Rbh1 Rh8 39. Ke3 Bd4+ 40. Kd2 Rxh4 41. Rxh4 Bf6 42. Rh1 f4 43. Bf1 Ra8 44. Rg1 Ra1 45. Ke2 f3+ 46. Kd2 Bd4 47. Rh1 g3 0-1

[Event "BAN-chT"]
[Site "Dhaka"]
[Date "2014.11.17"]
[Round "6"]
[White "Hossain, Alamgir"]
[Black "Mollah Abdullah, Al Rakib"]
[Result "0-1"]
[WhiteElo "2101"]
[BlackElo "2514"]
[PlyCount "62"]
[EventDate "2014.11.12"]
[EventType "team-tourn"]
[EventRounds "9"]
[EventCountry "BAN"]
[SourceTitle "CBM 163 Extra"]
[Source "ChessBase"]
[SourceDate "2014.12.23"]
[SourceVersion "1"]
[SourceVersionDate "2014.12.23"]
[SourceQuality "1"]
[WhiteTeam "Sreejon CC"]
[BlackTeam "Bangladesh Navy"]
[WhiteTeamCountry "BAN"]
[BlackTeamCountry "BAN"]

1. Nf3 Nf6 2. d3 Nc6 3. c4 e5 4. Nc3 h6 5. e3 Bb4 6. Bd2 0-0 7. Nd5 Bxd2+ 8. Qxd2 d6 9. Nxf6+ Qxf6 10. Be2 Be6 11. 0-0 Rad8 12. Rad1 d5 13. cxd5 Bxd5 14. b3 e4 15. Ne1 Rfe8 16. d4 Re6 17. Qc3 Qg5 18. Bc4 Ne7 19. Qa5 Bxc4 20. Qxg5 hxg5 21. bxc4 Ra6 22. Rd2 Ra4 23. c5 b6 24. cxb6 axb6 25. f3 Nd5 26. Kf2 Re8 27. fxe4 Rxe4 28. Re2 Nc3 29. Rc2 Nd1+ 30. Ke2 Nxe3 31. Rxc7 Nd5+ 0-1

[Event "BAN-chT"]
[Site "Dhaka"]
[Date "2014.11.16"]
[Round "5"]
[White "Hossain, Alamgir"]
[Black "Hossain, Enayet Mohammed"]
[Result "1-0"]
[WhiteElo "2101"]
[BlackElo "2058"]
[PlyCount "81"]
[EventDate "2014.11.12"]
[EventType "team-tourn"]
[EventRounds "9"]
[EventCountry "BAN"]
[SourceTitle "EXT 2015"]
[Source "ChessBase"]
[SourceDate "2014.11.20"]
[SourceVersion "1"]
[SourceVersionDate "2014.11.20"]
[SourceQuality "1"]
[WhiteTeam "Sreejon CC"]
[BlackTeam "Civil Defense"]
[WhiteTeamCountry "BAN"]
[BlackTeamCountry "BAN"]

1. e4 e5 2. Nf3 Nc6 3. Bc4 d6 4. d4 exd4 5. Nxd4 Ne5 6. Be2 Nf6 7. Nc3 Be7 8. Bf4 0-0 9. Bxe5 dxe5 10. Nf3 Bb4 11. Qxd8 Rxd8 12. Bd3 Re8 13. Ke2 Bxc3 14. bxc3 Bd7 15. Rab1 Rab8 16. Nd2 b5 17. c4 b4 18. Nb3 Bc6 19. Nc5 Nd7 20. Na6 f5 21. f3 fxe4 22. fxe4 Nf6 23. Nxb8 Rxb8 24. Ke3 Ng4+ 25. Kf3 h5 26. h3 Nf6 27. a3 a5 28. axb4 axb4 29. Rb2 Bd7 30. c5 g5 31. Ke3 g4 32. c3 Ra8 33. cxb4 Ra3 34. b5 Be6 35. b6 Bc4 36. Rd1 cxb6 37. cxb6 Nd7 38. b7 Nb8 39. Rc2 Bb3 40. Rc8+ Kg7 41. Rxb8 1-0

[Event "BAN-chT"]
[Site "Dhaka"]
[Date "2014.11.15"]
[Round "4"]
[White "Masum, Hossain"]
[Black "Hossain, Alamgir"]
[Result "1/2-1/2"]
[WhiteElo "2163"]
[BlackElo "2101"]
[PlyCount "56"]
[EventDate "2014.11.12"]
[EventType "team-tourn"]
[EventRounds "9"]
[EventCountry "BAN"]
[SourceTitle "EXT 2015"]
[Source "ChessBase"]
[SourceDate "2014.11.20"]
[SourceVersion "1"]
[SourceVersionDate "2014.11.20"]
[SourceQuality "1"]
[WhiteTeam "Bangladesh Navy U20"]
[BlackTeam "Sreejon CC"]
[WhiteTeamCountry "BAN"]
[BlackTeamCountry "BAN"]

1. e4 e5 2. Nf3 Nc6 3. Bb5 Nf6 4. 0-0 d6 5. d4 exd4 6. Nxd4 Bd7 7. Nc3 Be7 8. f4 Nxd4 9. Qxd4 Bxb5 10. Nxb5 c6 11. Nc3 Qb6 12. Qxb6 axb6 13. Be3 b5 14. a3 Ng4 15. Bd4 Bf6 16. Bxf6 Nxf6 17. Rad1 Ke7 18. Kf2 Ng4+ 19. Ke2 Nxh2 20. Rh1 Ng4 21. Kf3 h5 22. Ne2 g6 23. Nd4 Rhd8 24. Rhe1 Ra4 25. c3 Raa8 26. Rd2 Rac8 27. Red1 d5 28. e5 Nh2+ 1/2-1/2

[Event "BAN-chT"]
[Site "Dhaka"]
[Date "2013.11.08"]
[Round "7"]
[White "Hossain, Alamgir"]
[Black "Din, Mohammad"]
[Result "1-0"]
[WhiteElo "2113"]
[BlackElo "1985"]
[PlyCount "95"]
[EventDate "2013.11.02"]
[EventType "team-tourn"]
[EventRounds "9"]
[EventCountry "BAN"]
[SourceTitle "CBM 157 Extra"]
[Source "ChessBase"]
[SourceDate "2013.12.19"]
[SourceVersion "1"]
[SourceVersionDate "2013.12.19"]
[SourceQuality "1"]

1. e4 d6 2. Nc3 c5 3. f4 Nc6 4. Nf3 Nf6 5. Be2 g6 6. d3 Bg7 7. 0-0 0-0 8. h3 Rb8 9. Be3 b5 10. Qd2 b4 11. Nd1 a5 12. Rb1 Ba6 13. g4 c4 14. g5 cxd3 15. Bxd3 Bxd3 16. gxf6 Bxe4 17. fxg7 Kxg7 18. Nd4 Qd7 19. Nf2 Bd5 20. Nxc6 Qxc6 21. f5 Rfc8 22. f6+ exf6 23. Bh6+ Kg8 24. Qd4 Bh1 25. Nxh1 Qc4 26. Qxc4 Rxc4 27. Rxf6 Rh4 28. Bf4 Rxh3 29. Bxd6 Rb6 30. Rbf1 Rh5 31. Ng3 Rg5 32. Bf4 Rxf6 33. Bxg5 Rc6 34. Rf2 f5 35. Bh6 Rc4 36. Kg2 Rh4 37. Bd2 Rc4 38. c3 h5 39. Nxf5 gxf5 40. Rxf5 a4 41. a3 bxa3 42. bxa3 Rg4+ 43. Kf3 Rh4 44. Rf4 Rh1 45. Rxa4 h4 46. Kg2 Ra1 47. Bg5 Rc1 48. Bxc1 1-0